Rejimen Askar Melayu Diraja, 1933-1968 /
Saved in:
| Main Author: | |
|---|---|
| Format: | Thesis Book |
| Language: | Malay |
| Published: |
2003.
|
| Subjects: | |
| Tags: |
Add Tag
No Tags, Be the first to tag this record!
|
| LEADER | 01122cam a2200277 a 4500 | ||
|---|---|---|---|
| 001 | u509636 | ||
| 003 | SIRSI | ||
| 008 | 030312s2003 my a t 00 10 may m | ||
| 035 | |a ACX-3577 | ||
| 040 | |a UMM | ||
| 043 | |a a-my--- | ||
| 090 | |a UA853 |b M4Syeoso | ||
| 100 | 0 | 0 | |a Syed Othman Syed Omar, |d 1953- |
| 245 | 1 | 0 | |a Rejimen Askar Melayu Diraja, 1933-1968 / |c oleh Syed Othman bin Syed Omar. |
| 260 | |c 2003. | ||
| 300 | |a xxix, 574 leaves ; |c 30 cm. | ||
| 502 | |a Thesis (Ph.D.) -- Jabatan Sejarah, Fakulti Sastera dan Sains Sosial, Universiti Malaya, 2003. | ||
| 504 | |a Bibliography: leaves [474]-483. | ||
| 504 | |a Includes bibliographical footnotes. | ||
| 651 | 0 | |a Malaysia |x Armed Forces |x History. | |
| 610 | 1 | 0 | |a Malaysia. |b Angkatan Tentera. |b Rejimen Askar Melayu DiRaja |x History |
| 710 | 2 | 0 | |a Universiti Malaya. |b Jabatan Sejarah. |
| 856 | |a RC:A511967072 |z Click Here for Abstract and Table of Contents | ||
| 948 | |a 13/03/2003 |b 11/08/2004 | ||
| 596 | |a 1 | ||
| 999 | |a UA853 M4SYEOSO |w LC |c 1 |i A511025473 |d 18/5/2022 |e 18/5/2022 |l STACKS |m P01UTAMA |n 7 |r Y |s Y |t TESIS |u 8/4/2004 |o .STAFF. .COMMENT. HANTAR KE UNIT MIKROFILEM-AI 12/5/04 | ||
